Mechatronics :Electronic Control Systems in Mechanical and Electrical Engineering (Record no. 10845)

MARC details
000 -LEADER
fixed length control field 00435nam a22001697a 4500
003 - CONTROL NUMBER IDENTIFIER
control field OSt
008 - FIXED-LENGTH DATA ELEMENTS--GENERAL INFORMATION
fixed length control field 210814b ||||| |||| 00| 0 eng d
022 ## - INTERNATIONAL STANDARD SERIAL NUMBER
International Standard Serial Number 9789353065881
082 ## - DEWEY DECIMAL CLASSIFICATION NUMBER
Classification number 621.BOM
100 ## - MAIN ENTRY--PERSONAL NAME
Personal name BOLTON,William
245 ## - TITLE STATEMENT
Title Mechatronics :Electronic Control Systems in Mechanical and Electrical Engineering
250 ## - EDITION STATEMENT
Edition statement 4th IMP
260 ## - PUBLICATION, DISTRIBUTION, ETC. (IMPRINT)
Place of publication, distribution, etc New Delhi
Name of publisher, distributor, etc Pearson
Date of publication, distribution, etc 2020
300 ## - PHYSICAL DESCRIPTION
Extent 664
650 ## - SUBJECT ADDED ENTRY--TOPICAL TERM
Topical term or geographic name as entry element ME
942 ## - ADDED ENTRY ELEMENTS (KOHA)
Source of classification or shelving scheme Dewey Decimal Classification
Koha item type Text Books
Holdings
Withdrawn status Lost status Source of classification or shelving scheme Damaged status Not for loan Collection code Home library Current library Date acquired Source of acquisition Currency Cost, normal purchase price Bill Number Total Checkouts Full call number Acc. no. / Barcode Date last seen Actual Cost, discounted price Bill Date Koha item type Date last borrowed
    Dewey Decimal Classification     B.Tech(ME) PIET C-LIBRARY PIET C-LIBRARY 12/07/2021 Kirti Praskshan IN Rupees 799.00 INT/212210159   621.892 BOM 33145 14/08/2021 679.15 12/07/2021 Text Books  
    Dewey Decimal Classification     B.Tech(ME) PIET C-LIBRARY PIET C-LIBRARY 12/07/2021 Kirti Praskshan IN Rupees 799.00 INT/212210159   621.892 BOM 33146 14/08/2021 679.15 12/07/2021 Text Books  
    Dewey Decimal Classification     B.Tech(ME) PIET C-LIBRARY PIET C-LIBRARY 12/07/2021 Kirti Praskshan IN Rupees 799.00 INT/212210159 1 621.892 BOM 33147 09/12/2021 679.15 12/07/2021 Text Books 29/11/2021
    Dewey Decimal Classification     B.Tech(ME) PIET C-LIBRARY PIET C-LIBRARY 12/07/2021 Kirti Praskshan IN Rupees 799.00 INT/212210159 1 621.892 BOM 33148 27/04/2022 679.15 12/07/2021 Text Books 01/12/2021
    Dewey Decimal Classification     B.Tech(ME) PIET C-LIBRARY PIET C-LIBRARY 12/07/2021 Kirti Praskshan IN Rupees 799.00 INT/212210159   621.892 BOM 33149 14/08/2021 679.15 12/07/2021 Text Books  

Design & Developed by: PIET Central Library
R70 Miles Stone Pattikalyana Samalkha Panipat 132102
mail ID :- [email protected], Phone No:- 0180-2569700 Ex.216